| 000 | 00655nam a2200217Ia 4500 | ||
|---|---|---|---|
| 003 | OSt | ||
| 005 | 20221007070214.0 | ||
| 006 | a|||||r|||| 00| 0 | ||
| 007 | ta | ||
| 008 | 221006b |||||||| |||| 00| 0 eng d | ||
| 024 | _a15,063 | ||
| 037 | _cTextual | ||
| 040 |
_aFLL _cFLL _beng |
||
| 041 |
_2eng _aeng |
||
| 082 | _aX:96.1.N6, L2 | ||
| 245 | 0 |
_aFreedom of association _b Digest of decisions of the freedom of association committee of the governing body of the ILO |
|
| 260 |
_aGeneva _bInternational labour office Geneva _c1972 |
||
| 300 |
_a165p _ccm. |
||
| 942 |
_hX:96.1.N6, L2 _cTEXL _2CC |
||
| 999 |
_c1139783 _d1139783 |
||